000 00624nam a2200229Ia 4500
003 OSt
005 20221007072444.0
006 a|||||r|||| 00| 0
007 ta
008 221006b |||||||| |||| 00| 0 eng d
024 _a1,430
037 _cReference Collections
040 _aFLL
_cFLL
_beng
041 _2eng
_aeng
082 _aXM55:Z3, L8.1-A
100 _aSchmitthoff Clive M.
245 0 _aCompany law
260 _aLondon
_bStevens and sons UK
_c1978
650 _aCompany law
942 _hXM55:Z3, L8.1-A
_cREF
_2CC
999 _c1146117
_d1146117